| 000 | 00712nam a2200217 4500 | ||
|---|---|---|---|
| 999 |
_c164597 _d164597 |
||
| 005 | 20190523123056.0 | ||
| 010 | _aENG-125278 | ||
| 020 |
_c675.00 _a9789380397498 |
||
| 035 | _aEN-108810 | ||
| 037 | _bDBAD/PUB | ||
| 082 | _a305.42 | ||
| 100 | _aNijhawan,Shashi | ||
| 245 |
_aEmpowering women : _cby Shashi Nijhawan, Amarjive Lochan [and] Darshan Malik _bthe Indian socio-cultural scenerio / |
||
| 260 |
_aNew Delhi _bPragun Publication _c2014 |
||
| 270 |
_a4224/1, Ansari Road, Daryaganj _bNew Delhli _e110002 |
||
| 300 |
_a242p. _c21cm(Hb) |
||
| 500 | _aIncludes bibliographical references | ||
| 700 | _aLochan, Amarjiva | ||
| 700 | _aMalik, Darshan | ||
| 942 |
_2ddc _cEN _h305.42 _mNIJ |
||